Shape of the river (Record no. 619817)

MARC details
000 -LEADER
fixed length control field 00907nam a2200265Ia 4500
003 - CONTROL NUMBER IDENTIFIER
control field OSt
005 - DATE AND TIME OF LATEST TRANSACTION
control field 20220926011342.0
008 - FIXED-LENGTH DATA ELEMENTS--GENERAL INFORMATION
fixed length control field 220923b |||||||| |||| 00| 0 eng d
020 ## - INTERNATIONAL STANDARD BOOK NUMBER
International Standard Book Number 9780691050195
037 ## - SOURCE OF ACQUISITION
Terms of availability General Book
040 ## - CATALOGING SOURCE
Original cataloging agency RTL
Transcribing agency RTL
Language of cataloging eng
041 ## - LANGUAGE CODE
Source of code eng
Language code of text/sound track or separate title eng
100 ## - MAIN ENTRY--PERSONAL NAME
Personal name BOWEN William G.
9 (RLIN) 31545
245 #0 - TITLE STATEMENT
Title Shape of the river
Remainder of title Long-term consequences of considering in college and university admissions.
260 ## - PUBLICATION, DISTRIBUTION, ETC.
Place of publication, distribution, etc. New Jersey
Name of publisher, distributor, etc. Princeton University Press
Date of publication, distribution, etc. 1988
300 ## - PHYSICAL DESCRIPTION
Extent lxiv,472p.
Dimensions cm.
500 ## - GENERAL NOTE
General note Appendix chapterwise
650 ## - SUBJECT ADDED ENTRY--TOPICAL TERM
Topical term or geographic name entry element Economics
700 ## - ADDED ENTRY--PERSONAL NAME
Personal name BOK Derek
9 (RLIN) 250541
942 ## - ADDED ENTRY ELEMENTS (KOHA)
Classification part T4:8.73y7, M8
Koha item type General Books
Source of classification or shelving scheme Colon Classification (CC)
Holdings
Withdrawn status Lost status Damaged status Not for loan Home library Current library Date acquired Source of acquisition Cost, normal purchase price Total Checkouts Full call number Barcode Date last seen Cost, replacement price Price effective from Koha item type
        Ratan Tata Library Ratan Tata Library 2022-09-26 5379, 04/12/2014, RAJKIRAN BOOK AGENCY 2469.48   T4:8.73y7 M8 RT1498549 2022-09-26 2469.48 2022-09-26 General Books
Copyright @ Delhi University Library System